| 000 | 01185cad a22002535a 4500 | ||
|---|---|---|---|
| 001 | E147330 | ||
| 008 | 090430s2009 xxk f s000 0 eng d | ||
| 020 | _a9781406152760 | ||
| 035 | _a(Sirsi) u147330 | ||
| 041 | 0 | _aeng | |
| 050 | 0 | 4 | _a333.9164 $2 18 |
| 110 | 2 |
_aScotland _bScottish Government _95344 |
|
| 245 | 0 | 0 |
_aMarine (Scotland) Bill _b(as introduced) _h[electronic resource] |
| 260 |
_a[Edinburgh] _bScottish Parliamentary Corporate Body _c2009 |
||
| 490 | 0 |
_aSP Bill _v(25) |
|
| 520 | _aA Bill introduced on 29 April 2009, which relates to various aspects of the Scottish marine area, including marine plans, licensing of marine activities, and marine conservation. The Bill has been introduced following a period of consultation (see E144575 and E146472 for the consultation and consultation findings). | ||
| 521 | _aAdvanced | ||
| 590 | _aKA | ||
| 650 | 2 | 4 | _aMARINE (SCOTLAND) BILL |
| 651 | 4 |
_aScotland _y1999- |
|
| 690 | _aPROPERTY-RURAL AND NATURAL ASSETS-MARINE RESOURCES-MARINE RESOURCE MANAGEMENT | ||
| 856 | 4 | 0 |
_uhttps://www.scottish.parliament.uk/s3/bills/25-MarineScot/index.htm _zView the Bill free of charge at www.scottish.parliament.uk... |
| 942 | _n0 | ||
| 999 |
_c109519 _d109519 |
||